[Event "GER-ch43 V07 email"]
[Site "GER email"]
[Date "2011.04.10"]
[Round "?"]
[White "Bender, Klaus"]
[Black "Tacke Ungruh, Reinhard"]
[Result "1/2-1/2"]
[WhiteElo "2124"]
[BlackElo "2153"]
[PlyCount "78"]
[EventDate "2011.04.18"]
[EventType "tourn (corr)"]
[EventRounds "10"]
[EventCountry "GER"]
[SourceTitle "Corr 2015"]
[Source "ChessBase"]
[SourceDate "2015.07.17"]
[SourceVersion "1"]
[SourceVersionDate "2015.07.17"]
[SourceQuality "1"]
[WhiteTeam "Germany"]
[BlackTeam "Latvia"]
[WhiteTeamCountry "GER"]
[BlackTeamCountry "LAT"]

1. e4 c5 2. a3 g6 3. b4 Bg7 4. Nc3 d6 5. g3 Nc6 6. Rb1 Nf6 7. Bg2 b6 8. Nge2 Bd7 9. 0-0 Nd4 10. Nxd4 cxd4 11. Ne2 e5 12. c4 0-0 13. d3 Qe8 14. b5 a6 15. a4 Qe7 16. Bg5 h6 17. Bd2 axb5 18. axb5 Ra7 19. Ra1 Rfa8 20. Rxa7 Rxa7 21. Bb4 Be6 22. h3 Nd7 23. f4 exf4 24. Nxf4 Bf6 25. Bf3 h5 26. h4 Be5 27. Qd2 Nc5 28. Be2 Ra4 29. Bxc5 dxc5 30. Nxe6 Qxe6 31. Kg2 Ra7 32. Bd1 Kh7 33. Qf2 Kg7 34. Qf3 Ra2+ 35. Rf2 Ra3 36. Be2 Qd7 37. Rf1 Kg8 38. Rf2 Qe6 39. Rf1 Kf8 1/2-1/2

[Event "GER-ch41 V01 Post"]
[Site "GER email"]
[Date "2010.??.??"]
[Round "?"]
[White "Tacke Ungruh, Reinhard"]
[Black "Giering, Guido"]
[Result "1-0"]
[WhiteElo "2139"]
[BlackElo "2029"]
[PlyCount "101"]
[EventDate "2010.??.??"]
[EventType "tourn (corr)"]
[EventRounds "12"]
[EventCountry "GER"]
[SourceTitle "Corr 2015"]
[Source "ChessBase"]
[SourceDate "2015.07.17"]
[SourceVersion "1"]
[SourceVersionDate "2015.07.17"]
[SourceQuality "1"]

1. e4 c5 2. c3 d5 3. exd5 Qxd5 4. d4 Nc6 5. Nf3 Bg4 6. Be2 e6 7. h3 Bh5 8. c4 Qd7 9. g4 Bg6 10. d5 exd5 11. cxd5 Nb4 12. Ne5 Bc2 13. Qd2 Qxd5 14. Bb5+ Ke7 15. Qxd5 Nxd5 16. Na3 f6 17. Nxc2 fxe5 18. Bg5+ Ke6 19. Bc4 Be7 20. Be3 Rd8 21. 0-0-0 Ngf6 22. Rhe1 b5 23. Bxb5 h5 24. g5 Nd7 25. f4 N7b6 26. Bd2 Bd6 27. a4 Nc7 28. Bd3 Rhf8 29. b3 h4 30. f5+ Kd7 31. Ne3 Ncd5 32. a5 Nxe3 33. Bxe3 Nc8 34. f6 gxf6 35. gxf6 Bc7 36. Bf5+ Kc6 37. Rxd8 Rxd8 38. f7 Nd6 39. Be6 Bxa5 40. Rf1 Nxf7 41. Rxf7 Rd3 42. Bg5 Rd6 43. Bc4 Bd8 44. Bxd8 Rxd8 45. Rxa7 Rd4 46. Re7 Re4 47. Kd2 Kd6 48. Re6+ Kd7 49. Rg6 Rf4 50. Ke3 Rxc4 51. Rg4 1-0

[Event "GER-ch41 V01 Post"]
[Site "GER email"]
[Date "2010.??.??"]
[Round "?"]
[White "Tacke Ungruh, Reinhard"]
[Black "Gromotka, Harry"]
[Result "1/2-1/2"]
[WhiteElo "2139"]
[BlackElo "2021"]
[PlyCount "71"]
[EventDate "2010.??.??"]
[EventType "tourn (corr)"]
[EventRounds "12"]
[EventCountry "GER"]
[SourceTitle "Corr 2015"]
[Source "ChessBase"]
[SourceDate "2015.07.17"]
[SourceVersion "1"]
[SourceVersionDate "2015.07.17"]
[SourceQuality "1"]

1. e4 c5 2. Nf3 d6 3. d4 cxd4 4. Nxd4 Nf6 5. Nc3 a6 6. Be3 e5 7. Nb3 Be6 8. f3 Nbd7 9. Qd2 Be7 10. g4 0-0 11. 0-0-0 b5 12. g5 b4 13. gxf6 bxc3 14. Qxc3 Nxf6 15. Na5 Rc8 16. Nc6 Qd7 17. Nxe7+ Qxe7 18. Qa5 Rc6 19. Kb1 Rfc8 20. Be2 Nh5 21. Rd2 Nf4 22. Bd1 Nh3 23. c3 Qf6 24. Rf1 Bc4 25. Be2 Bxe2 26. Rxe2 Nf4 27. Rd2 h6 28. Qa4 Kh8 29. Qb4 Kh7 30. Qb3 R8c7 31. Qd1 Rb7 32. Ka1 Rb8 33. Rg1 a5 34. Qa4 Ra6 35. a3 Ne6 36. Qc4 1/2-1/2

[Event "GER-ch41 V01 Post"]
[Site "GER email"]
[Date "2010.??.??"]
[Round "?"]
[White "Tacke Ungruh, Reinhard"]
[Black "Vetter, Gerhard"]
[Result "1/2-1/2"]
[WhiteElo "2139"]
[BlackElo "2163"]
[PlyCount "60"]
[EventDate "2010.??.??"]
[EventType "tourn (corr)"]
[EventRounds "12"]
[EventCountry "GER"]
[SourceTitle "Corr 2015"]
[Source "ChessBase"]
[SourceDate "2015.07.17"]
[SourceVersion "1"]
[SourceVersionDate "2015.07.17"]
[SourceQuality "1"]

1. e4 c5 2. Nf3 d6 3. d4 cxd4 4. Nxd4 Nf6 5. Nc3 a6 6. Be3 e5 7. Nb3 Be6 8. f3 Nbd7 9. Qd2 Be7 10. g4 0-0 11. 0-0-0 b5 12. g5 b4 13. Ne2 Ne8 14. f4 a5 15. f5 Bxb3 16. cxb3 a4 17. bxa4 Rxa4 18. b3 Ra5 19. Kb1 d5 20. exd5 Bc5 21. Bxc5 Nxc5 22. d6 Qa8 23. d7 Nxd7 24. Ng3 Nc5 25. Bc4 Ne4 26. Nxe4 Qxe4+ 27. Kc1 Nd6 28. Rhe1 Qd4 29. Qxd4 exd4 30. Rxd4 Nxc4 1/2-1/2

[Event "GER MS-049 email"]
[Site "GER email"]
[Date "2008.11.26"]
[Round "?"]
[White "Tacke Ungruh, Reinhard"]
[Black "Boecker, Marcus"]
[Result "1/2-1/2"]
[WhiteElo "2074"]
[BlackElo "1592"]
[PlyCount "89"]
[EventDate "2008.??.??"]
[EventType "tourn (corr)"]
[EventRounds "6"]
[EventCountry "GER"]
[SourceTitle "Corr 2011"]
[Source "ChessBase"]
[SourceDate "2010.08.31"]
[SourceVersion "1"]
[SourceVersionDate "2010.08.31"]
[SourceQuality "1"]

1. d4 Nf6 2. c4 e6 3. Nf3 d5 4. Nc3 Nc6 5. Bg5 Be7 6. e3 0-0 7. Bd3 h6 8. Bh4 b6 9. 0-0 Nb4 10. cxd5 Nfxd5 11. Nxd5 exd5 12. Bxe7 Qxe7 13. Bb1 Qd6 14. a3 Nc6 15. Qc2 f5 16. Rc1 Bb7 17. b4 a6 18. Qc3 Rae8 19. Bd3 Re6 20. g3 Qe7 21. Rab1 Qf7 22. a4 Qh5 23. Nh4 g5 24. Nxf5 Qf3 25. b5 axb5 26. axb5 Na5 27. Qc2 Rf7 28. Be2 Qxf5 29. Qxf5 Rxf5 30. Bg4 Ref6 31. Bxf5 Rxf5 32. Rxc7 Rf7 33. Rxf7 Kxf7 34. Rc1 Nc4 35. e4 Ke7 36. e5 g4 37. f4 Bc8 38. Ra1 Na5 39. Rb1 h5 40. Kf2 Bf5 41. Rc1 Nc4 42. Ke2 Na3 43. Ra1 Nxb5 44. Ke3 Kd7 45. Ra8 1/2-1/2

[Event "GER MS-049 email"]
[Site "GER email"]
[Date "2008.11.26"]
[Round "?"]
[White "Tacke Ungruh, Reinhard"]
[Black "Rau, Manfred"]
[Result "1/2-1/2"]
[WhiteElo "2074"]
[BlackElo "2006"]
[PlyCount "37"]
[EventDate "2008.??.??"]
[EventType "tourn (corr)"]
[EventRounds "6"]
[EventCountry "GER"]
[SourceTitle "Corr 2011"]
[Source "ChessBase"]
[SourceDate "2010.08.31"]
[SourceVersion "1"]
[SourceVersionDate "2010.08.31"]
[SourceQuality "1"]

1. d4 Nf6 2. c4 e6 3. Nf3 d5 4. Nc3 Be7 5. Bg5 h6 6. Bh4 0-0 7. e3 b6 8. Be2 Bb7 9. Bxf6 Bxf6 10. cxd5 exd5 11. Qb3 c6 12. 0-0 Na6 13. Qc2 Re8 14. Rad1 Nc7 15. e4 dxe4 16. Nxe4 c5 17. Nxf6+ Qxf6 18. dxc5 bxc5 19. Rd7 1/2-1/2

[Event "GER MS-057 email"]
[Site "GER email"]
[Date "2008.08.21"]
[Round "?"]
[White "Rau, Manfred"]
[Black "Tacke Ungruh, Reinhard"]
[Result "1/2-1/2"]
[WhiteElo "2006"]
[BlackElo "2436"]
[PlyCount "28"]
[EventDate "2008.??.??"]
[EventType "tourn (corr)"]
[EventRounds "6"]
[EventCountry "GER"]
[SourceTitle "Corr 2011"]
[Source "ChessBase"]
[SourceDate "2010.08.31"]
[SourceVersion "1"]
[SourceVersionDate "2010.08.31"]
[SourceQuality "1"]

1. Nf3 Nf6 2. c4 e6 3. g3 d5 4. d4 dxc4 5. Qa4+ Nbd7 6. Bg2 a6 7. Qxc4 b5 8. Qc6 Rb8 9. Bf4 Bb7 10. Qxc7 Qxc7 11. Bxc7 Rc8 12. Ba5 Rc1+ 13. Kd2 Rc8 14. Ke1 Rc1+ 1/2-1/2

[Event "GER-Cup17 qual-07 Server email"]
[Site "GER email"]
[Date "2008.07.30"]
[Round "?"]
[White "Tacke Ungruh, Reinhard"]
[Black "Koprek, Juergen"]
[Result "1/2-1/2"]
[WhiteElo "2074"]
[BlackElo "1640"]
[PlyCount "69"]
[EventDate "2008.??.??"]
[EventType "tourn (corr)"]
[EventRounds "6"]
[EventCountry "GER"]
[SourceTitle "Corr 2011"]
[Source "ChessBase"]
[SourceDate "2010.08.31"]
[SourceVersion "1"]
[SourceVersionDate "2010.08.31"]
[SourceQuality "1"]

1. d4 d5 2. c4 e6 3. Nc3 Nf6 4. Nf3 c6 5. Bg5 Nbd7 6. e3 Qa5 7. cxd5 Nxd5 8. Qd2 Bb4 9. Rc1 h6 10. Bh4 b6 11. e4 Nxc3 12. bxc3 Ba3 13. Rb1 0-0 14. Bd3 Ba6 15. 0-0 Rac8 16. Rfd1 Rfe8 17. c4 Qxd2 18. Rxd2 Bd6 19. Rb3 e5 20. c5 Bxd3 21. cxd6 Bxe4 22. Nxe5 Bf5 23. Be7 f6 24. Nxd7 Bxd7 25. Rc3 Kf7 26. Rb2 Ke6 27. h3 Kd5 28. Rg3 Rg8 29. Rd3 Rb8 30. Kf1 Rb7 31. Rg3 Bf5 32. Rc3 Bd7 33. Rd2 h5 34. h4 Bf5 35. Kg1 1/2-1/2